| 000 | 00648nam a2200241Ia 4500 | ||
|---|---|---|---|
| 003 | OSt | ||
| 005 | 20220918174434.0 | ||
| 006 | a|||||r|||| 00| 0 | ||
| 007 | ta | ||
| 008 | 220917b |||||||| |||| 00| 0 eng d | ||
| 024 | _a12,147 | ||
| 037 | _cTextual | ||
| 040 |
_aARTS _cARTS _beng |
||
| 041 |
_2eng _aeng |
||
| 082 | _a/\2y7N03, J8 (UC) | ||
| 100 |
_aSaraswati Swami Asimananda tr _950488 |
||
| 245 | 0 | _aWay back home | |
| 260 | _c1958 | ||
| 490 | _aSagrantha prakashani granthamala; 26 | ||
| 650 | _aSPIRITUALISM | ||
| 942 |
_h/\2y7N03, J8 (UC) _cTEXL _2CC |
||
| 999 |
_c153194 _d153194 |
||